Estadística del primer cincuentenario de la provincia capuchina de Navarra- Cantabria- Aragón 1900-1950
Sábháilte in:
| Formáid: | LEABHAR |
|---|---|
| Teanga: | Spáinnis |
| Foilsithe / Cruthaithe: |
Pamplona
Orden Capuchina
1950
|
| Ábhair: | |
| Clibeanna: |
Cuir clib leis
Níl clibeanna ann, Bí ar an gcéad duine le clib a chur leis an taifead seo!
|
MARC
| LEADER | 00000cam a2200000 a 4500 | ||
|---|---|---|---|
| 001 | UCD1037 | ||
| 003 | CL-VaPUC | ||
| 008 | 151231e19500000sp |||||||||||||||||spa|d | ||
| 082 | 0 | 4 | |a 271.3 |b EST |2 21 |
| 245 | 1 | 0 | |a Estadística del primer cincuentenario de la provincia capuchina de Navarra- Cantabria- Aragón 1900-1950 |
| 300 | |a 166 p | ||
| 942 | |c BK | ||
| 945 | |d 20151231 00:35:00 |a gsalatino | ||
| 260 | |a Pamplona |b Orden Capuchina |c 1950 | ||
| 650 | 7 | |a CAPUCHINOS |2 CL-VaPUC |9 404279 | |
| 650 | 0 | |a Estadísticas |9 258644 | |
| 650 | 0 | |a Franciscanos |9 267404 | |
| 583 | |a last modification |c 20151231 00:35:00 |k Rodrigo Vera | ||
| 999 | |c 362467 |d 362465 | ||
| 952 | |0 0 |1 0 |3 erb |4 0 |6 271_300000000000000_EST_1950 |7 0 |8 P |9 473743 |a BIBTEO |b BIBTES |c TEO_FTES |i 5275652 |o 271.3 EST 1950 |p 5275652 |r 2024-01-18 |w 2019-11-24 |y BK |z Catalogado en:20151231 |k ICR | ||